|
|
|
|
| LEADER |
00000nab a2200000 a 4500 |
| 001 |
vtls000211111 |
| 003 |
SK-MaSNL |
| 005 |
20260305012143.0 |
| 008 |
250423c1985 xo 0 slo |
| 015 |
|
|
|a SNBRB19rr/mm-uuuuu
|
| 035 |
|
|
|a CL0221224
|
| 035 |
|
|
|a (urnnbn)urn:nbn:sk:snk:ar-004s6e
|
| 035 |
|
|
|a (uuid)392b6b78-8950-48cd-86e2-bb0266a9c2cb
|
| 035 |
|
|
|a urn:nbn:sk:snk-ab7x14
|
| 040 |
|
|
|a SNKBUCL
|b slo
|c SNKBUCL
|e AACR2
|
| 041 |
0 |
|
|a slo
|
| 044 |
|
|
|a xo
|c SK
|
| 080 |
|
|
|a 943.0
|2 1981
|
| 100 |
1 |
|
|a L.R.
|4 aut
|9 901351
|
| 245 |
1 |
0 |
|a Konnemann, E.-Krusch, H. J.: März 1920
|b Arbeitklasse vereitelt. Kapp-Putsch
|c L.R. ; L,R., E. Könnemann, H. J. Krusch
|
| 650 |
0 |
7 |
|a trieda robotnícka
|2 snkbucl
|9 922831
|
| 651 |
|
7 |
|a Nemecko
|2 snkbucl
|9 21020
|
| 655 |
|
7 |
|a články z novín a časopisov
|2 snkbucl
|9 267496
|
| 700 |
1 |
|
|a L.R.
|4 aut
|9 901351
|
| 700 |
1 |
|
|a Könnemann, E.
|4 aut
|9 1588864
|
| 700 |
1 |
|
|a Krusch, H. J.
|4 aut
|9 1588865
|
| 773 |
0 |
|
|t Historický časopis
|g Roč. 33, č. 1 (1985), s. 127-129
|
| 787 |
0 |
8 |
|i Rec.:
|a Könnemann, E.
|t März 1920. Arbeitklasse vereitelt. Kapp-Putsch
|d Berlin : Dietz Verlag, 1981
|
| 850 |
|
|
|a Slovenská národná knižnica
|
| 852 |
|
|
|a Slovenská národná knižnica
|
| 954 |
|
|
|a odborná, vedecká literatúra pôvodná (slovenská)
|2 lita
|
| 958 |
|
|
|a article9
|
| 958 |
|
|
|a OND
|
| 958 |
|
|
|a RK
|
| 958 |
|
|
|a DE
|
| 958 |
|
|
|a EUIPO
|
| 992 |
|
|
|a RBX
|
| 999 |
|
|
|c 3256113
|d 3258043
|